[Event "ESP-ch U10 rapid"]
[Site "Salobrena"]
[Date "2024.07.06"]
[Round "4"]
[White "Garcia Corpas, Nicolas"]
[Black "Munoz Xu, Lain"]
[Result "0-1"]
[WhiteElo "1657"]
[BlackElo "1546"]
[PlyCount "122"]
[EventDate "2024.07.06"]
[EventType "swiss (rapid)"]
[EventRounds "9"]
[EventCountry "ESP"]
[SourceTitle "EXT 2025"]
[Source "ChessBase"]
[SourceDate "2024.10.14"]
[SourceVersion "1"]
[SourceVersionDate "2024.10.14"]
[SourceQuality "1"]

1. Nf3 d5 2. d4 Nf6 3. e3 Bg4 4. Bd3 e6 5. h3 Bxf3 6. Qxf3 c5 7. 0-0 Nc6 8. c3 Be7 9. Nd2 0-0 10. dxc5 Bxc5 11. Nb3 Bb6 12. Nd4 Ne5 13. Qe2 Nxd3 14. Qxd3 Rc8 15. b4 Ne4 16. Bb2 a6 17. a4 Qd6 18. Ne2 Bc7 19. g3 f5 20. Rad1 Qe7 21. Kg2 Rf6 22. c4 dxc4 23. Qxc4 Rff8 24. Qb3 Rfd8 25. Rxd8+ Rxd8 26. Nf4 Bxf4 27. exf4 Nd2 28. Qc3 Nxf1 29. Kxf1 Qd7 30. Kg2 Qc6+ 31. Qxc6 bxc6 32. Be5 g6 33. a5 Kf7 34. g4 Rd3 35. gxf5 exf5 36. f3 Ke6 37. Bg7 Kd5 38. Bf8 Rd4 39. Bc5 Rxf4 40. Kg3 Rc4 41. h4 h5 42. Kh3 f4 43. Kg2 Rxc5 44. bxc5 Kxc5 45. Kf2 Kd4 46. Ke2 c5 47. Kd2 c4 48. Kc2 c3 49. Kd1 Kd3 50. Kc1 c2 51. Kb2 Kd2 52. Kb3 c1Q 53. Kb4 Kd3 54. Ka4 Ke3 55. Kb4 Kxf3 56. Ka4 Ke2 57. Kb4 f3 58. Ka4 f2 59. Kb4 f1Q 60. Ka4 Qc4+ 61. Ka3 Qa1# 0-1

[Event "ESP-ch U10"]
[Site "Salobrena"]
[Date "2024.07.05"]
[Round "7"]
[White "Garcia Corpas, Nicolas"]
[Black "Perez Ruiz, Diego"]
[Result "1-0"]
[WhiteElo "1756"]
[BlackElo "1674"]
[PlyCount "115"]
[EventDate "2024.07.01"]
[EventType "swiss"]
[EventRounds "9"]
[EventCountry "ESP"]
[SourceTitle "EXT 2025"]
[Source "ChessBase"]
[SourceDate "2024.10.14"]
[SourceVersion "1"]
[SourceVersionDate "2024.10.14"]
[SourceQuality "1"]

1. d4 Nf6 2. Bf4 d6 3. Nc3 Bf5 4. e3 Nbd7 5. Nf3 Nh5 6. Bg3 Nxg3 7. hxg3 Nf6 8. Bd3 Bxd3 9. Qxd3 Qd7 10. a4 g6 11. e4 e6 12. e5 Nd5 13. Nxd5 exd5 14. 0-0 0-0-0 15. exd6 Bxd6 16. Ne5 Bxe5 17. dxe5 Rhe8 18. Rfe1 Re6 19. Qd4 Kb8 20. b4 Rc6 21. c3 Rc4 22. Qd3 Qc6 23. Qf3 Qe6 24. Rad1 c6 25. Rd4 Kc7 26. Qe3 Rxd4 27. Qxd4 b6 28. Re3 Qe7 29. Rf3 h5 30. Qf4 Rf8 31. Re3 Kc8 32. Qd4 Qe6 33. a5 Kb7 34. axb6 axb6 35. Rf3 Ra8 36. Rf6 Qe7 37. b5 Rc8 38. Qf4 Rc7 39. bxc6+ Kb8 40. Qd4 Qc5 41. Qxc5 bxc5 42. Rd6 d4 43. cxd4 cxd4 44. Rxd4 Rxc6 45. Kh2 Kc7 46. Rf4 Re6 47. Rxf7+ Kd8 48. f4 Ke8 49. Ra7 g5 50. Rh7 gxf4 51. gxf4 Kf8 52. Rxh5 Kg7 53. Kh3 Kg6 54. f5+ Kxh5 55. fxe6 Kg6 56. Kg4 Kg7 57. Kg5 Kf8 58. Kf6 1-0

[Event "ESP-ch U10"]
[Site "Salobrena"]
[Date "2024.07.01"]
[Round "2"]
[White "Pabon Hermann, Anna"]
[Black "Garcia Corpas, Nicolas"]
[Result "1/2-1/2"]
[WhiteElo "1572"]
[BlackElo "1756"]
[PlyCount "104"]
[EventDate "2024.07.01"]
[EventType "swiss"]
[EventRounds "9"]
[EventCountry "ESP"]
[SourceTitle "EXT 2025"]
[Source "ChessBase"]
[SourceDate "2024.10.14"]
[SourceVersion "1"]
[SourceVersionDate "2024.10.14"]
[SourceQuality "1"]

1. e4 e6 2. d4 d5 3. Nd2 dxe4 4. Nxe4 Nd7 5. Bd3 Ngf6 6. Nf3 Be7 7. 0-0 0-0 8. c3 b6 9. Qc2 Bb7 10. Nxf6+ Nxf6 11. Qe2 h6 12. h3 c5 13. Be3 Nd5 14. Rad1 Nxe3 15. Qxe3 cxd4 16. Nxd4 Kh8 17. Nf3 Bc5 18. Qe2 Qf6 19. Be4 Bxe4 20. Qxe4 Rad8 21. Qb7 Qe7 22. Qxe7 Bxe7 23. Ne5 Rd6 24. Rxd6 Bxd6 25. Nc6 a5 26. Rd1 Bf4 27. g3 Bg5 28. h4 Bf6 29. Rd7 Rc8 30. Na7 Rd8 31. Rxd8+ Bxd8 32. Nc6 Bf6 33. Kf1 h5 34. Ke2 g5 35. hxg5 Bxg5 36. b4 axb4 37. cxb4 Kg8 38. a4 Bh6 39. a5 bxa5 40. bxa5 Bf8 41. a6 Bc5 42. a7 Bxa7 43. Nxa7 Kg7 44. Nb5 Kg6 45. Nd4 e5 46. Nf3 f6 47. Ke3 Kf5 48. Nh2 e4 49. f3 exf3 50. Nxf3 Kg4 51. Kf2 f5 52. Ne5+ Kg5 1/2-1/2

[Event "Foment Martinenc op-B 24th"]
[Site "Barcelona"]
[Date "2024.06.01"]
[Round "7"]
[White "Garcia Corpas, Nicolas"]
[Black "Bosch Garcia, Ivan"]
[Result "0-1"]
[WhiteElo "1692"]
[BlackElo "1800"]
[PlyCount "72"]
[EventDate "2024.04.20"]
[EventType "swiss"]
[EventRounds "9"]
[EventCountry "ESP"]
[SourceTitle "CBM 220 Extra"]
[Source "ChessBase"]
[SourceDate "2024.07.31"]
[SourceVersion "1"]
[SourceVersionDate "2024.07.31"]
[SourceQuality "1"]

1. e4 c6 2. Nf3 d5 3. Nc3 a6 4. d4 Bg4 5. Be2 e6 6. h3 Bh5 7. 0-0 Nf6 8. exd5 cxd5 9. Ne5 Bxe2 10. Qxe2 Be7 11. Bf4 Nc6 12. Rad1 0-0 13. Rfe1 Rc8 14. Nxc6 Rxc6 15. Rd3 b5 16. Rg3 Kh8 17. Be5 Bd6 18. Nd1 Qc7 19. c3 Bxe5 20. dxe5 Ne4 21. Re3 Qb6 22. Qh5 b4 23. Rf3 Qc7 24. cxb4 Rc2 25. Rfe3 Qb6 26. a3 Qd4 27. R3e2 Ng3 28. Rxc2 Nxh5 29. Rc6 Qd2 30. Rf1 Ra8 31. Rc7 Kg8 32. Rb7 Nf4 33. b5 axb5 34. Rxb5 Ne2+ 35. Kh2 Qf4+ 36. g3 Nxg3 0-1

[Event "Foment Martinenc op-B 24th"]
[Site "Barcelona"]
[Date "2024.05.18"]
[Round "5"]
[White "Garcia Corpas, Nicolas"]
[Black "Vardanyan Asilbekyan, Ani"]
[Result "0-1"]
[WhiteElo "1692"]
[BlackElo "1813"]
[PlyCount "90"]
[EventDate "2024.04.20"]
[EventType "swiss"]
[EventRounds "9"]
[EventCountry "ESP"]
[SourceTitle "CBM 220 Extra"]
[Source "ChessBase"]
[SourceDate "2024.07.31"]
[SourceVersion "1"]
[SourceVersionDate "2024.07.31"]
[SourceQuality "1"]

1. e4 c5 2. Nf3 e6 3. c3 Nf6 4. e5 Nd5 5. d4 cxd4 6. cxd4 d6 7. Be2 Nc6 8. 0-0 dxe5 9. dxe5 Be7 10. Bd2 Qc7 11. Bb5 0-0 12. Re1 Rd8 13. Qe2 a6 14. Bxc6 Qxc6 15. Nc3 Nxc3 16. Bxc3 b5 17. Rac1 Qb6 18. a3 Bb7 19. Red1 Bd5 20. Bd4 Qb7 21. Rc3 b4 22. Re3 Rac8 23. Qd2 a5 24. h3 Rd7 25. Qe2 Rdc7 26. Kh2 Rc2 27. Rd2 Rc1 28. Rd1 Rxd1 29. Qxd1 Rc4 30. Qd3 Qc6 31. Nd2 Rc2 32. Ne4 Qc4 33. Qxc4 Rxc4 34. Bb6 Rxe4 35. axb4 Rxe3 36. Bxe3 Bxb4 37. Kg3 Be1 38. Kh2 Kf8 39. g3 Ke8 40. Kg1 Bc4 41. Kg2 Kd7 42. Kf3 Kc6 43. Ke4 Bb4 44. f4 Bd5+ 45. Kd3 Bg2 0-1

[Event "Foment Martinenc op-B 24th"]
[Site "Barcelona"]
[Date "2024.04.27"]
[Round "2"]
[White "Garcia Corpas, Nicolas"]
[Black "Rodriguez Batuecas, Jordi"]
[Result "1-0"]
[WhiteElo "1692"]
[BlackElo "1709"]
[PlyCount "93"]
[EventDate "2024.04.20"]
[EventType "swiss"]
[EventRounds "9"]
[EventCountry "ESP"]
[SourceTitle "CBM 220 Extra"]
[Source "ChessBase"]
[SourceDate "2024.07.31"]
[SourceVersion "1"]
[SourceVersionDate "2024.07.31"]
[SourceQuality "1"]

1. e4 c6 2. Nf3 d5 3. Nc3 Bg4 4. h3 Bh5 5. exd5 cxd5 6. Bb5+ Nc6 7. Ne5 Bxd1 8. Nxc6 Qd6 9. Ne5+ Qc6 10. Nxc6 Bh5 11. Nxd5 a6 12. Nc7+ Kd7 13. Nxa8 axb5 14. Nd4 e5 15. Nxb5 Bc5 16. d3 Nf6 17. Be3 Bxe3 18. fxe3 Rxa8 19. Kd2 Kc6 20. Na3 Rd8 21. Kc3 Nd5+ 22. Kd2 b5 23. c4 bxc4 24. Nxc4 f6 25. a3 Bg6 26. Rhd1 Nc7 27. Ke2 Ne6 28. b4 Kb5 29. Nb2 f5 30. Kf2 f4 31. e4 Nd4 32. Rac1 Nb3 33. Rc3 Bf7 34. Nc4 Ka4 35. Nxe5 Bg8 36. Nc4 Bxc4 37. Rxc4 Kxa3 38. d4 Ka4 39. Rc7 Kxb4 40. d5 g5 41. e5 Ra8 42. d6 Ra2+ 43. Kg1 Nd2 44. d7 f3 45. d8Q f2+ 46. Kxf2 Nc4+ 47. Kg1 1-0

[Event "Foment Martinenc op-B 24th"]
[Site "Barcelona"]
[Date "2024.04.20"]
[Round "1"]
[White "Rius Colomer, Luis Albert"]
[Black "Garcia Corpas, Nicolas"]
[Result "1/2-1/2"]
[WhiteElo "1851"]
[BlackElo "1692"]
[PlyCount "44"]
[EventDate "2024.04.20"]
[EventType "swiss"]
[EventRounds "9"]
[EventCountry "ESP"]
[SourceTitle "CBM 220 Extra"]
[Source "ChessBase"]
[SourceDate "2024.07.31"]
[SourceVersion "1"]
[SourceVersionDate "2024.07.31"]
[SourceQuality "1"]

1. e4 e6 2. d4 d5 3. exd5 exd5 4. Nf3 Nf6 5. c4 c6 6. Nc3 Be7 7. Bd3 0-0 8. h3 h6 9. 0-0 Be6 10. b3 Nbd7 11. Bb2 Qc7 12. Ne5 dxc4 13. bxc4 Nxe5 14. dxe5 Nd7 15. Qe2 Qxe5 16. Nd5 Qd6 17. Nxe7+ Qxe7 18. Rfe1 Rae8 19. Qe4 f5 20. Qf3 Qf7 21. Rad1 Kh7 22. g4 g6 1/2-1/2

[Event "ESP-ch U10"]
[Site "Salobrena"]
[Date "2023.07.05"]
[Round "5"]
[White "De Leon Gonzalez, Yraya"]
[Black "Garcia Corpas, Nicolas"]
[Result "1/2-1/2"]
[WhiteElo "1046"]
[BlackElo "1465"]
[PlyCount "82"]
[EventDate "2023.07.03"]
[EventType "swiss"]
[EventRounds "9"]
[EventCountry "ESP"]
[SourceTitle "EXT 2024"]
[Source "ChessBase"]
[SourceDate "2023.10.10"]
[SourceVersion "1"]
[SourceVersionDate "2023.10.10"]
[SourceQuality "1"]

1. e4 e5 2. Nf3 Nf6 3. Nc3 Nc6 4. Bb5 Nd4 5. Nxd4 exd4 6. Ne2 Nxe4 7. Nxd4 Be7 8. 0-0 0-0 9. d3 Nf6 10. Bf4 c6 11. Ba4 d5 12. Re1 Bc5 13. Nf3 Bg4 14. Bg5 h6 15. Bh4 g5 16. Bg3 Bd6 17. Bxd6 Qxd6 18. h3 Bh5 19. d4 Rfe8 20. Qd3 Rxe1+ 21. Rxe1 Bxf3 22. Qxf3 Qb4 23. Rb1 Qxa4 24. Qxf6 Re8 25. Qxh6 Re6 26. Qxg5+ Rg6 27. Qd8+ Kg7 28. Qe7 Qxd4 29. a3 Qd2 30. Qe5+ Kh7 31. Qh5+ Kg8 32. Qf5 Qh6 33. Qc8+ Kg7 34. Qf5 Rg5 35. Qd3 b6 36. Qd4+ f6 37. Qe3 Qg6 38. Qe7+ Kh6 39. Qf8+ Kh7 40. Qe7+ Kh8 41. Qf8+ Kh7 1/2-1/2